| 000 | 00450nam a2200145Ia 4500 | ||
|---|---|---|---|
| 008 | 151015s9999 xx 000 0 und d | ||
| 020 | _a9.781412947e+012 | ||
| 050 | _aP 96 .E25 .M67 2009 | ||
| 245 | _aMosco Vincent | ||
| 250 | _a_The Political Economy of Communication(2nd ed. )/ Vincent Mosco | ||
| 300 | _aLondon : Sage, 2009 | ||
| 500 | _aIncludes index | ||
| 650 | _a_Political Economy-Communication | ||
| 700 | _a^d20120628 12:35:28^oanne | ||
| 999 |
_c3110 _d3110 |
||